[Event "HUN-chT2 Erkel 0405"]
[Site "Hungary"]
[Date "2005.02.06"]
[Round "7"]
[White "Sztepa, Szergej"]
[Black "Toth, Mate Jozsef"]
[Result "1-0"]
[WhiteElo "2072"]
[BlackElo "2062"]
[PlyCount "147"]
[EventDate "2004.09.26"]
[EventType "team"]
[EventRounds "11"]
[EventCountry "HUN"]
[SourceTitle "EXT 2009"]
[Source "ChessBase"]
[SourceDate "2008.11.26"]
[SourceVersion "1"]
[SourceVersionDate "2008.11.26"]
[SourceQuality "1"]
[WhiteTeam "Szekuritas"]
[BlackTeam "Godollo"]
[WhiteTeamCountry "HUN"]
[BlackTeamCountry "HUN"]

1. e4 c5 2. Nf3 Nc6 3. Bb5 e6 4. Bxc6 bxc6 5. 0-0 Ne7 6. d3 Qc7 7. Nc3 d5 8. e5 Rb8 9. Rb1 Nf5 10. Bd2 Nd4 11. Re1 Be7 12. h3 Bd7 13. Nh2 Qd8 14. Ne2 h5 15. Ng3 g6 16. c3 Nf5 17. Nf3 Nh4 18. Re3 Nf5 19. Re1 Nh4 20. Nxh4 Bxh4 21. Nf1 Bg5 22. f4 Bh6 23. Nh2 Qe7 24. Rf1 Bg7 25. Qa4 0-0 26. Be3 Rfe8 27. a3 Rb7 28. Qa5 Bf8 29. Nf3 Reb8 30. Bc1 Be8 31. Qa4 Rb3 32. Nd2 R3b7 33. Qc2 Qd8 34. Nf3 Qb6 35. Kh1 Be7 36. Ra1 Qd8 37. Qf2 Bf8 38. Ng5 Qe7 39. Re1 Bh6 40. Nf3 Bf8 41. Re2 Rd8 42. f5 exf5 43. Bg5 Qc7 44. Bxd8 Qxd8 45. Rae1 Bd7 46. Qe3 Be7 47. Qd2 Be6 48. Qc2 Qc7 49. Qc1 Qd8 50. Qf4 g5 51. Qa4 Qd7 52. Qc2 f4 53. Qd2 Qd8 54. Rg1 Kf8 55. g4 h4 56. Rf1 Qb8 57. Qc2 a5 58. Rff2 Qc7 59. d4 c4 60. Qh7 Ke8 61. Nxg5 Bxg5 62. Qg8+ Kd7 63. Qxg5 Rb8 64. Rxf4 Rf8 65. Ref2 Kc8 66. Qxh4 c5 67. Qf6 Qd7 68. dxc5 Qc6 69. Kh2 Qxc5 70. g5 Qe3 71. g6 Qxh3+ 72. Kg1 Rh8 73. gxf7 Kd7 74. f8N+ 1-0

[Event "HUN-chT2 Erkel 0405"]
[Site "Hungary"]
[Date "2004.12.19"]
[Round "6"]
[White "Sztepa, Szergej"]
[Black "Vandor, Ferenc"]
[Result "0-1"]
[WhiteElo "2072"]
[BlackElo "2078"]
[PlyCount "121"]
[EventDate "2004.09.26"]
[EventType "team"]
[EventRounds "11"]
[EventCountry "HUN"]
[SourceTitle "EXT 2009"]
[Source "ChessBase"]
[SourceDate "2008.11.26"]
[SourceVersion "1"]
[SourceVersionDate "2008.11.26"]
[SourceQuality "1"]
[WhiteTeam "Szekuritas"]
[BlackTeam "Penzugyor II"]
[WhiteTeamCountry "HUN"]
[BlackTeamCountry "HUN"]

1. e4 c5 2. Nf3 Nf6 3. Nc3 d5 4. e5 Ne4 5. d3 Nxc3 6. bxc3 Bg4 7. h3 Bh5 8. e6 f6 9. Be2 Qd6 10. 0-0 Qxe6 11. Re1 Qd7 12. Nh4 Bxe2 13. Qxe2 g6 14. Ba3 Nc6 15. Bxc5 Bh6 16. Nf3 Kf7 17. Be3 Bxe3 18. Qxe3 g5 19. Nh2 h5 20. Re2 g4 21. h4 d4 22. cxd4 Nxd4 23. Rd2 Nf5 24. Qe4 Nxh4 25. Re1 e6 26. Rde2 Rae8 27. Nf1 f5 28. Qc4 b5 29. Qf4 Ng6 30. Qg5 Qe7 31. Qd2 Qf6 32. Qa5 f4 33. Re4 h4 34. Nh2 Qf5 35. Qxa7+ Re7 36. Qd4 e5 37. Qd5+ Kf6 38. d4 Rhe8 39. dxe5+ Rxe5 40. Rxe5 Nxe5 41. Qd6+ Kg5 42. Qc7 g3 43. Qg7+ Kh5 44. Ng4 gxf2+ 45. Nxf2 Nf3+ 46. gxf3 Rxe1+ 47. Kh2 Re2 48. Qh8+ Kg5 49. Qg8+ Qg6 50. Qd8+ Kh6 51. Qh8+ Qh7 52. Qf6+ Kh5 53. Qxf4 Qg6 54. Kh3 Qg3+ 55. Qxg3 hxg3 56. Kxg3 Rxc2 57. Ne4 Rxa2 58. Kf4 Ra3 59. Nd2 Rd3 60. Nb1 b4 61. Ke4 0-1

[Event "Gyongyos op"]
[Site "Gyongyos"]
[Date "1998.??.??"]
[Round "?"]
[White "Binder, Tamas"]
[Black "Sztepa, Szergej"]
[Result "1/2-1/2"]
[WhiteElo "2220"]
[BlackElo "2090"]
[PlyCount "99"]
[EventDate "1998.??.??"]
[EventType "swiss"]
[EventRounds "7"]
[EventCountry "HUN"]
[SourceTitle "EXT 2002"]
[Source "ChessBase"]
[SourceDate "2001.11.25"]
[SourceVersion "1"]
[SourceVersionDate "2001.11.25"]
[SourceQuality "1"]

1. d4 Nf6 2. c4 e6 3. Nf3 d5 4. Nc3 Nbd7 5. Bg5 Be7 6. e3 0-0 7. Bd3 dxc4 8. Bxc4 c6 9. 0-0 Nb6 10. Bd3 Nfd5 11. Bxe7 Qxe7 12. Rc1 Nd7 13. Bb1 Re8 14. e4 Nf4 15. Qd2 Ng6 16. e5 b6 17. Ne4 Ba6 18. Rfe1 Rec8 19. Nd6 Rc7 20. Be4 Rd8 21. Bxc6 f6 22. Be4 Ndxe5 23. dxe5 Nxe5 24. Nxe5 Rxd6 25. Qf4 fxe5 26. Qxe5 Rcd7 27. Bf5 Bc4 28. Rxc4 exf5 29. Rc8+ Kf7 30. Qxf5+ Qf6 31. Qxh7 Qxb2 32. h4 Qf6 33. Qg8+ Kg6 34. Qe8+ Qf7 35. Qe4+ Qf5 36. h5+ Kg5 37. Qe3+ Qf4 38. Qxf4+ Kxf4 39. Rf8+ Rf6 40. Rxf6+ gxf6 41. Kh2 Rh7 42. f3 Rxh5+ 43. Kg1 Re5 44. Rxe5 Kxe5 45. Kf2 a5 46. Ke3 b5 47. g4 b4 48. f4+ Kd5 49. Kd3 a4 50. g5 1/2-1/2

[Event "Eger Agria op"]
[Site "Eger"]
[Date "1997.??.??"]
[Round "8"]
[White "Gerencer, Jozef"]
[Black "Sztepa, Szergej"]
[Result "1-0"]
[WhiteElo "2165"]
[BlackElo "2120"]
[PlyCount "75"]
[EventDate "1997.07.??"]
[EventType "swiss"]
[EventRounds "9"]
[EventCountry "HUN"]
[SourceTitle "EXT 2001"]
[Source "ChessBase"]
[SourceDate "2000.11.22"]
[SourceVersion "1"]
[SourceVersionDate "2000.11.22"]
[SourceQuality "1"]

1. d4 d5 2. Nf3 Nf6 3. e3 Bg4 4. Be2 e6 5. Ne5 Bxe2 6. Qxe2 Bd6 7. Qb5+ Nbd7 8. Nxd7 Nxd7 9. Qxb7 0-0 10. Qa6 Qg5 11. g3 Qf5 12. Qe2 c5 13. c3 cxd4 14. exd4 e5 15. 0-0 exd4 16. cxd4 Rfe8 17. Be3 h5 18. Nc3 Rac8 19. Rfe1 Nf6 20. Qf1 h4 21. Rac1 Ng4 22. Qg2 hxg3 23. hxg3 Re6 24. Nxd5 Rce8 25. Bd2 g5 26. Rxe6 Rxe6 27. Ne3 Nxe3 28. Bxe3 Kg7 29. d5 Re8 30. Bxa7 Qd3 31. Qf1 Qxd5 32. Rd1 Qxa2 33. Qb5 Qe6 34. Qxg5+ Kh7 35. Rd4 Bf8 36. Rh4+ Bh6 37. Be3 Qg6 38. Rxh6+ 1-0

[Event "Eger Agria op"]
[Site "Eger"]
[Date "1997.??.??"]
[Round "4"]
[White "Lehmann, Matthias"]
[Black "Sztepa, Szergej"]
[Result "1/2-1/2"]
[WhiteElo "2180"]
[BlackElo "2120"]
[PlyCount "87"]
[EventDate "1997.07.??"]
[EventType "swiss"]
[EventRounds "9"]
[EventCountry "HUN"]
[SourceTitle "EXT 2001"]
[Source "ChessBase"]
[SourceDate "2000.11.22"]
[SourceVersion "1"]
[SourceVersionDate "2000.11.22"]
[SourceQuality "1"]

1. d4 d5 2. c4 dxc4 3. Nc3 a6 4. a4 e5 5. d5 Nf6 6. e4 Bb4 7. Bg5 Qd6 8. Bxf6 Qxf6 9. Bxc4 Qg6 10. Qf3 Bg4 11. Qe3 Bc8 12. Nf3 Nd7 13. 0-0 0-0 14. Qg5 Qxg5 15. Nxg5 Nf6 16. Rfe1 Bg4 17. h3 Bh5 18. Nf3 Rfe8 19. Nd2 Rad8 20. Nb3 Bg6 21. f3 Nh5 22. Re3 Kf8 23. g4 Nf4 24. Bf1 h5 25. Ne2 hxg4 26. hxg4 f6 27. Nxf4 exf4 28. Re2 Bf7 29. Rc1 c6 30. Nc5 cxd5 31. Nxb7 Ra8 32. Rh2 Kg8 33. Bd3 Re7 34. exd5 Bxd5 35. Nc5 Re3 36. Bh7+ Kf7 37. Ne4 Re8 38. Rc7+ Re7 39. Rxe7+ Kxe7 40. Rc2 Ba5 41. Kg2 Bb4 42. Bf5 Bd6 43. Rd2 Bxe4 44. Bxe4 1/2-1/2

[Event "Eger Agria op"]
[Site "Eger"]
[Date "1997.??.??"]
[Round "3"]
[White "Sztepa, Szergej"]
[Black "Sinka, Istvan"]
[Result "0-1"]
[WhiteElo "2120"]
[BlackElo "2335"]
[PlyCount "76"]
[EventDate "1997.07.??"]
[EventType "swiss"]
[EventRounds "9"]
[EventCountry "HUN"]
[SourceTitle "EXT 2001"]
[Source "ChessBase"]
[SourceDate "2000.11.22"]
[SourceVersion "1"]
[SourceVersionDate "2000.11.22"]
[SourceQuality "1"]

1. e4 e6 2. d4 d5 3. Nc3 Bb4 4. e5 c5 5. a3 Bxc3+ 6. bxc3 Ne7 7. Qg4 Qc7 8. Qxg7 Rg8 9. Qxh7 cxd4 10. Kd1 dxc3 11. Nf3 Nbc6 12. Ng5 Nxe5 13. f4 f6 14. Qh5+ N5g6 15. Bb5+ Kf8 16. Qh6+ Rg7 17. Nh7+ Kf7 18. Be8+ Kxe8 19. Qxg7 Qc4 20. Nxf6+ Kd8 21. Ng8 e5 22. h3 Qd4+ 23. Ke1 Bxh3 24. Rxh3 Qg1+ 25. Ke2 Qxg2+ 26. Ke1 Qg1+ 27. Ke2 Nxf4+ 28. Bxf4 Qxg7 29. Rg3 Qh7 30. Bg5 Qxg8 31. Rag1 Qh8 32. Bxe7+ Kxe7 33. Rg7+ Kd6 34. R1g6+ Kc5 35. Rc7+ Kd4 36. Rgg7 Qh5+ 37. Ke1 Rf8 38. Rg3 e4 0-1